000 00598nam a2200217Ia 4500
003 OSt
005 20220928151233.0
006 a|||||r|||| 00| 0
007 ta
008 220927b |||||||| |||| 00| 0 eng d
024 _a121769
037 _cTextual
040 _aSDCL
_cSDCL
_beng
041 _2eng
_aeng
082 _aA.2'N8, M8.6-V6
100 _aCouncil Of Science And Industrial Research
_9516513
245 0 _aIn search of knowledge.
260 _c1988
942 _hA.2'N8, M8.6-V6
_cTEXL
_2CC
999 _c850337
_d850337